000 00766nam a22002411c 4500
001 810400
003 RU-10907106
005 20210721170701.0
008 210208s2021 gw |||| 000u ger d
020 _a9783593513287
_9978-3-593-51328-7
040 _cRU-10907106
_aRU-10907106
_bger
041 _ager
100 1 _aCaruso, Amerigo
_4aut
_eVerfasser
245 0 0 _a"Blut und Eisen auch im Innern" :
_bsoziale Konflikte, Massenpolitik und Gewalt in Deutschland vor 1914
_cCaruso, Amerigo; Mit einem Nachwort von Matteo Millan
264 _aFrankfurt am Main
_bCampus
_c2021
300 _a361 Seiten
648 _a1871-1914
650 _a Sozialer Konflikt
650 _aProtestbewegung
650 _aUnterdrückung
651 _aDeutschland
942 _cMG
_2z
999 _c55837
_d55837